00547nam a2200157Ia 4500008004100000020001900041082001600060100003500076245007700111260002200188300001000210500001900220650002800239952010500267999001700372120629s9999 xx 000 0 und d a978-9754-313-2 a613.2 R934g aRuiz Jiménez, Miguel Ángel aEl gran libro de la nutrición infantil / Miguel Ángel Ruiz Jiménez aBarcelona : Ontro a225 p aBibliografía a1. NIÑOS-NUTRICIONÌ 00104070a15b15d2010-06-21l1o613.2 R934Gp15 004233r2017-12-07s2017-07-20t1w2012-06-28yLB c77144d77144